[Event "NATO-ch 31st"]
[Site "Blankenberge"]
[Date "2021.10.15"]
[Round "7.23"]
[White "Schott, Guido"]
[Black "Crapulli, Giuseppe"]
[Result "1-0"]
[WhiteElo "2029"]
[BlackElo "1885"]
[PlyCount "71"]
[EventDate "2021.10.11"]
[EventType "team-swiss"]
[EventRounds "7"]
[EventCountry "BEL"]
[SourceTitle "CBM 204 Extra"]
[Source "ChessBase"]
[SourceDate "2021.11.30"]
[SourceVersion "1"]
[SourceVersionDate "2021.11.30"]
[SourceQuality "1"]
[WhiteTeam "NATO II"]
[BlackTeam "Italy"]
[BlackTeamCountry "ITA"]

1. Nf3 Nf6 2. b3 e6 3. Bb2 b6 4. g3 Bb7 5. Bg2 c5 6. 0-0 Be7 7. c4 0-0 8. Nc3 d6 9. d4 cxd4 10. Nxd4 Bxg2 11. Kxg2 d5 12. Qd3 dxc4 13. Qxc4 Qc8 14. Qxc8 Rxc8 15. Rac1 Nbd7 16. a3 a6 17. h3 b5 18. a4 bxa4 19. Nxa4 Rxc1 20. Rxc1 Kf8 21. Nc6 Bd6 22. Rd1 Bc7 23. g4 h6 24. h4 Nb8 25. Ne5 Ke8 26. g5 hxg5 27. hxg5 Ne4 28. Rh1 Bd6 29. Rh8+ Ke7 30. Nc6+ Kd7 31. Nd4 Ra7 32. g6 fxg6 33. Rg8 Be5 34. Nb6+ Kc7 35. Nxe6+ Kd6 36. Nc8+ 1-0

[Event "NATO-ch 31st"]
[Site "Blankenberge"]
[Date "2021.10.14"]
[Round "6.38"]
[White "Crapulli, Giuseppe"]
[Black "Boudry, Rik"]
[Result "1-0"]
[WhiteElo "1885"]
[BlackElo "1381"]
[PlyCount "90"]
[EventDate "2021.10.11"]
[EventType "team-swiss"]
[EventRounds "7"]
[EventCountry "BEL"]
[SourceTitle "CBM 204 Extra"]
[Source "ChessBase"]
[SourceDate "2021.11.30"]
[SourceVersion "1"]
[SourceVersionDate "2021.11.30"]
[SourceQuality "1"]
[WhiteTeam "Italy"]
[BlackTeam "Belgium"]
[WhiteTeamCountry "ITA"]
[BlackTeamCountry "BEL"]

1. e4 c5 2. Nf3 e6 3. d4 cxd4 4. Nxd4 a6 5. Bd3 Qc7 6. 0-0 d6 7. c4 Nd7 8. b3 b6 9. Bb2 Bb7 10. Qe2 Ngf6 11. Nc3 Be7 12. Rac1 0-0 13. Kh1 Rac8 14. f4 Rfe8 15. b4 Bf8 16. Nb3 g6 17. a4 Bg7 18. a5 Re7 19. Ba3 Ne8 20. axb6 Qxb6 21. Na5 Ba8 22. Na4 Qd8 23. Bb2 Rb8 24. Bxg7 Nxg7 25. Qd2 Nb6 26. Nxb6 Rxb6 27. Rfd1 Rd7 28. Qc3 Nh5 29. Qd2 Qh4 30. c5 dxc5 31. bxc5 Rb8 32. c6 Rc7 33. Bxa6 Ng3+ 34. Kg1 Nxe4 35. Qe3 Nf6 36. Qe5 Ng4 37. Qxc7 Qxh2+ 38. Kf1 Ne3+ 39. Ke2 Rb2+ 40. Kxe3 Qg3+ 41. Ke4 Qxg2+ 42. Ke5 Re2+ 43. Bxe2 Qxe2+ 44. Kf6 Qb2+ 45. Ke7 Kg7 1-0

[Event "NATO-ch 31st"]
[Site "Blankenberge"]
[Date "2021.10.12"]
[Round "3.38"]
[White "Graham, Frazer"]
[Black "Crapulli, Giuseppe"]
[Result "1/2-1/2"]
[WhiteElo "1751"]
[BlackElo "1885"]
[PlyCount "52"]
[EventDate "2021.10.11"]
[EventType "team-swiss"]
[EventRounds "7"]
[EventCountry "BEL"]
[SourceTitle "CBM 204 Extra"]
[Source "ChessBase"]
[SourceDate "2021.11.30"]
[SourceVersion "1"]
[SourceVersionDate "2021.11.30"]
[SourceQuality "1"]
[WhiteTeam "Great Britain"]
[BlackTeam "Italy"]
[WhiteTeamCountry "GBR"]
[BlackTeamCountry "ITA"]

1. e4 c5 2. Nf3 d6 3. d3 Nc6 4. g3 g6 5. Bg2 Bg7 6. c3 e6 7. 0-0 Nge7 8. Re1 0-0 9. Be3 b6 10. d4 Bb7 11. Nbd2 cxd4 12. cxd4 Rc8 13. Qa4 a6 14. Rec1 h6 15. Qb3 d5 16. e5 Nf5 17. a3 f6 18. g4 Nxe3 19. Qxe3 fxe5 20. dxe5 g5 21. Nb3 Rf4 22. Nfd4 Nxd4 23. Nxd4 Qd7 24. Rxc8+ Bxc8 25. Rc1 Bb7 26. h3 a5 1/2-1/2

[Event "SB-2020-0-00596"]
[Site "LSS email"]
[Date "2020.06.09"]
[Round "?"]
[White "Cleto Junior, Dirceu"]
[Black "Crapulli, Giuseppe"]
[Result "1-0"]
[WhiteElo "1891"]
[BlackElo "1913"]
[PlyCount "59"]
[EventDate "2020.03.13"]
[EventType "tourn (corr)"]
[EventRounds "6"]
[EventCountry "GER"]
[SourceTitle "Corr 2024"]
[Source "ChessBase"]
[SourceDate "2023.10.19"]
[SourceVersion "1"]
[SourceVersionDate "2023.10.19"]
[SourceQuality "1"]

1. d4 Nf6 2. c4 e6 3. Nf3 b6 4. Nc3 Bb4 5. Bg5 h6 6. Bh4 Bxc3+ 7. bxc3 Bb7 8. Nd2 d6 9. f3 Nbd7 10. e4 Nf8 11. Bf2 Ng6 12. h4 h5 13. g3 e5 14. a4 a5 15. Bg2 0-0 16. 0-0 Rb8 17. Re1 Ba6 18. Bf1 Nd7 19. Ra2 Re8 20. Be2 Ngf8 21. Nf1 g6 22. Rd2 Qf6 23. Ne3 Qg7 24. dxe5 Nxe5 25. f4 Ned7 26. Nd5 Rbc8 27. Bd4 f6 28. Bf1 Ne6 29. f5 Nxd4 30. cxd4 1-0

[Event "SB-2020-0-00596"]
[Site "LSS email"]
[Date "2020.06.09"]
[Round "?"]
[White "Kraujunas, Vladas"]
[Black "Crapulli, Giuseppe"]
[Result "1/2-1/2"]
[WhiteElo "1903"]
[BlackElo "1913"]
[PlyCount "30"]
[EventDate "2020.03.13"]
[EventType "tourn (corr)"]
[EventRounds "6"]
[EventCountry "GER"]
[SourceTitle "Corr 2024"]
[Source "ChessBase"]
[SourceDate "2023.10.19"]
[SourceVersion "1"]
[SourceVersionDate "2023.10.19"]
[SourceQuality "1"]

1. e4 c5 2. Nf3 d6 3. d4 cxd4 4. Nxd4 Nf6 5. Nc3 a6 6. Bg5 e6 7. f4 Qb6 8. Qd2 Qxb2 9. Rb1 Qa3 10. f5 Nc6 11. fxe6 fxe6 12. Nxc6 bxc6 13. Be2 Be7 14. 0-0 0-0 15. Rb3 Qc5+ 1/2-1/2

[Event "SB-2019-0-00582"]
[Site "LSS email"]
[Date "2019.10.09"]
[Round "?"]
[White "Crapulli, Giuseppe"]
[Black "Sundqvist, Christer"]
[Result "0-1"]
[WhiteElo "1983"]
[BlackElo "2059"]
[PlyCount "42"]
[EventDate "2019.07.29"]
[EventType "tourn (corr)"]
[EventRounds "6"]
[EventCountry "GER"]
[SourceTitle "Corr 2022"]
[Source "ChessBase"]
[SourceDate "2021.10.24"]
[SourceVersion "1"]
[SourceVersionDate "2021.10.24"]
[SourceQuality "1"]

1. e4 c5 2. Nf3 d6 3. d4 cxd4 4. Nxd4 Nf6 5. Nc3 g6 6. Be3 Bg7 7. f3 0-0 8. Qd2 Nc6 9. 0-0-0 d5 10. Kb1 Rb8 11. Ndb5 a6 12. Na7 e6 13. g4 Re8 14. g5 Nh5 15. Bc5 Ne5 16. Be2 b5 17. exd5 Bb7 18. d6 Nd7 19. Bf2 Ra8 20. Ne4 Bd5 21. Rhe1 Ne5 0-1

[Event "NATO-ch 30th"]
[Site "Berlin"]
[Date "2019.09.17"]
[Round "3.28"]
[White "Crapulli, Giuseppe"]
[Black "Van Run, Rieke"]
[Result "1-0"]
[WhiteElo "1836"]
[BlackElo "2076"]
[PlyCount "87"]
[EventDate "2019.09.14"]
[EventType "team-swiss"]
[EventRounds "7"]
[EventCountry "GER"]
[SourceTitle "EXT 2020"]
[Source "ChessBase"]
[SourceDate "2019.10.17"]
[SourceVersion "1"]
[SourceVersionDate "2019.10.17"]
[SourceQuality "1"]
[WhiteTeam "Italy"]
[BlackTeam "Netherlands"]
[WhiteTeamCountry "ITA"]
[BlackTeamCountry "NED"]

1. e4 e5 2. Nf3 Nc6 3. Bb5 a6 4. Ba4 d6 5. d4 Bd7 6. d5 Nce7 7. Bxd7+ Qxd7 8. 0-0 g6 9. c4 Bg7 10. Nc3 Nh6 11. Ne1 f5 12. f3 0-0 13. Nd3 b5 14. cxb5 axb5 15. Bd2 Rfb8 16. a3 Nf7 17. Nb4 Nd8 18. Bg5 Bf8 19. Qd3 c5 20. dxc6 Ndxc6 21. Nxc6 Qxc6 22. Bxe7 Bxe7 23. exf5 g5 24. Qd5+ Qxd5 25. Nxd5 Kf7 26. Rfc1 Bd8 27. Rc6 b4 28. Rxd6 bxa3 29. Rxa3 Rxa3 30. bxa3 Ba5 31. Rd7+ Kg8 32. Nf6+ Kf8 33. Nxh7+ Ke8 34. Nf6+ Kf8 35. Ne4 Rb3 36. Nxg5 Rxa3 37. g4 Ke8 38. Rd6 Ra1+ 39. Kg2 Ra2+ 40. Kh3 Bc7 41. Re6+ Kf8 42. Ne4 Rb2 43. f6 Bb6 44. Nd6 1-0

[Event "SB-2019-0-00559"]
[Site "LSS email"]
[Date "2019.01.06"]
[Round "?"]
[White "Carter, Maurice"]
[Black "Crapulli, Giuseppe"]
[Result "1/2-1/2"]
[WhiteElo "1926"]
[BlackElo "1973"]
[PlyCount "72"]
[EventDate "2018.11.28"]
[EventType "tourn (corr)"]
[EventRounds "6"]
[EventCountry "GER"]
[SourceTitle "Corr 2022"]
[Source "ChessBase"]
[SourceDate "2021.10.24"]
[SourceVersion "1"]
[SourceVersionDate "2021.10.24"]
[SourceQuality "1"]

1. d4 Nf6 2. c4 e6 3. Nf3 b6 4. a3 Ba6 5. e3 d5 6. Nbd2 Be7 7. Qc2 0-0 8. b4 dxc4 9. Bxc4 Bxc4 10. Nxc4 Nbd7 11. Bb2 c5 12. dxc5 bxc5 13. b5 a6 14. a4 axb5 15. axb5 Rxa1+ 16. Bxa1 Nd5 17. 0-0 Qb8 18. Qb1 Nb4 19. Qb2 Bf6 20. Qd2 Qxb5 21. Bxf6 Nxf6 22. Nfe5 Ne4 23. Qd1 Nd5 24. Qd3 Nec3 25. Ra1 f6 26. Nf3 Qb7 27. Nfd2 Rb8 28. h3 Qc6 29. Kh1 Nb5 30. Kg1 Ndc3 31. Ra5 Qc7 32. Ra6 Rd8 33. Qc2 Qd7 34. Qb2 h6 35. Qc2 Kf7 36. Qb3 Qc7 1/2-1/2